Orden público económico (Registro nro. 13098)

Detalles MARC
000 -ENCABEZADO
Número de control [NR] 00805nam a2200229Ia 4500
008 - DE LONGITUD FIJA DE DATOS DE ELEMENTOS - INFORMACIÓN GENERAL
Elementos de longitud fija [NR] 130821s1976 ck gr spa
040 ## - FUENTE DE CATALOGACION [NR]
Agencia de catalogación original [NR] Co-BoUCM
Idioma de catalogación [NR] spa
041 ## - CODIGO DE IDIOMA [R]
Código de idioma para texto/pista de sonido o título separado [R] Español
110 ## - ASIENTO PRINCIPAL--NOMBRE CORPORATIVO [NR]
Nombre corporativo o de jurisdicción como elemento de entrada [NR] Colombia
ID de autoridad 30633
240 ## - TITULO UNIFORME [NR]
Título uniforme [NR] <a href="Leyes, decretos, etc.">Leyes, decretos, etc.</a>
245 ## - MENCION DE TITULO [NR]
Título [NR] Orden público económico
Mención de responsabilidad, etc. [NR] Compilador Jaime Castro.
260 ## - PUBLICACION, DISTRIBUCION, ETC. (PIE DE IMPRENTA) [R]
Lugar de publicación, distribución, etc. [R] Bogotá (Colombia)
Nombre del editor, distribuidor, etc. [R] Banco de la República
Fecha de publicación, distribución, etc. [R] 1976
300 ## - DESCRIPCION FISICA [R]
Extensión [R] 2 volúmenes
505 ## - NOTA DE CONTENIDO CON FORMATO PREESTABLECIDO [R]
Nota de contenido con formato preestablecido [NR] V.1
-- Documentos. -- V.2
-- Anexos.
650 04 - ASIENTO SECUNDARIO DE MATERIA - TERMINO TEMATICO [R]
Término temático o nombre geográfico como elemento de entrada [NR] Derecho público
9 (RLIN) 12826
650 04 - ASIENTO SECUNDARIO DE MATERIA - TERMINO TEMATICO [R]
Término temático o nombre geográfico como elemento de entrada [NR] Derecho público
Subdivisión general [R] Aspectos económicos
Subdivisión geográfica [R] Colombia
9 (RLIN) 12826
650 04 - ASIENTO SECUNDARIO DE MATERIA - TERMINO TEMATICO [R]
Término temático o nombre geográfico como elemento de entrada [NR] Estado de emergencia
Subdivisión geográfica [R] Colombia
9 (RLIN) 15015
650 04 - ASIENTO SECUNDARIO DE MATERIA - TERMINO TEMATICO [R]
Término temático o nombre geográfico como elemento de entrada [NR] Reformas constitucionales
Subdivisión geográfica [R] Colombia
9 (RLIN) 30725
700 ## - ASIENTO SECUNDARIO - NOMBRE PERSONAL [R]
Nombre personal [NR] Castro, Jaime
Término de relación [R]
9 (RLIN) 30208
942 ## - ELEMENTOS DE ENTRADA AGREGADOS (KOHA)
Tipo de ítem principal el descrito en 300a Libro
Tema principal Derecho
Edición 1
Parte restante de la signatura top. C65L
Sistema de clasificación DEWEY
Clasificación 342.22
Existencias
Fecha de último préstamo Total préstamos Signatura topográfica Código de barras Última vez visto Volúmen / Fascículo Ejemplar Price effective from Tipo de ítem Perdido Sistema de clasificación Dañado No prestable Tipo de ítem específico Suprimido Ubicación habitual Ubicación actual Localización Fecha de creación Forma de adquisición Costo Costo de reposición Proveedor
17/08/2006 1 342.22 C65L 100012464 13/12/2016 V.1 Ej.1 03/02/2013 Libro   DEWEY     Libro   Bodega Bodega Préstamo 4 días después de solicitado 28/02/2003 Compra 650.00    
17/08/2006 1 342.22 C65L 100012465 13/12/2016 V.2 Ej.1 03/02/2013 Libro   DEWEY     Libro   Bodega Bodega Préstamo 4 días después de solicitado 28/02/2003 Compra 650.00    
01/02/2023 1 342.22 C65L 100164285 06/12/2024 V.1 Ej.2 07/10/2019 Libro   DEWEY     Libro   BodegaJK Claustro Préstamo 2 días después de solicitado 07/10/2019 Donación 0.00 26000.00 12
01/02/2023 1 342.22 C65L 100164284 06/12/2024 V.2 Ej.2 07/10/2019 Libro   DEWEY     Libro   BodegaJK Claustro Préstamo 2 días después de solicitado 07/10/2019 Donación 0.00 26000.00 12